Statistics for Vietnam War Countries

Click here to take the quiz!

General Stats

  • This quiz has been taken 37,325 times
    (36,570 since last reset)
  • The average score is 7 of 9

Answer Stats

DeathsCountry% Correct
58,315United States
99%
1,446China
96%
273,000Cambodia
91%
62,000Laos
91%
351Thailand
84%
1,062,000North Vietnam
78%
741,000South Vietnam
78%
500Australia
63%
5,099South Korea
57%

Score Distribution

Percentile by Number Answered

Percent of People with Each Score

Your Score History

You have not taken this quiz since the last reset